College Football Color-Swap: Big 12 - Statistics

General Stats
  • This quiz has been taken 143 times
  • The average score is 15 of 16
Answer Stats
Question Answer % Correct
Choose the correct logo:
100%
Choose the correct logo:
99%
Choose the correct logo:
97%
Choose the correct logo:
97%
Choose the correct logo:
97%
Choose the correct logo:
97%
Choose the correct logo:
96%
Choose the correct logo:
96%
Choose the correct logo:
96%
Choose the correct logo:
96%
Choose the correct logo:
96%
Choose the correct logo:
96%
Choose the correct logo:
95%
Choose the correct logo:
95%
Choose the correct logo:
95%
Choose the correct logo:
93%
No matching quizzes found
Score Distribution
Percent of People with Each Score
Percentile by Number Answered
Your Score History
You have not taken this quiz